000 00460nam a2200181Ia 4500
001 23167
005 20260414150919.0
008 260414t2016||||xx |||||||||||||| ||spa||
041 _aESP
082 _a625.1
_bG71
100 _aGonzález Fernández, Francisco Javier
_eAUT
245 0 _aSeñalización y seguridad ferroviaria
_b
260 _c2016
300 _axix, 660 páginas :
_c24 cm.
650 _a0
654 _aCIC
942 _cLIB
_dJUS
_fJUS
_2ddc
_n
999 _c23167
_d23167